Central Library OPAC University of Rajshahi

বিজ্ঞান, প্রযুক্তি ও পরিবেশ / (Record no. 38562)

MARC details
000 -LEADER
fixed length control field 00820nam a2200217 a 4500
001 - CONTROL NUMBER
control field 38562
003 - CONTROL NUMBER IDENTIFIER
rucl marc code BD-RjUL
005 - DATE AND TIME OF LATEST TRANSACTION
control field 20211209052822.0
008 - FIXED-LENGTH DATA ELEMENTS--GENERAL INFORMATION
fixed length control field 161114s2002 ii ||||| |||| 001 0 ben d
035 ## - SYSTEM CONTROL NUMBER
System control number (BD-RjUL)38667
040 ## - CATALOGING SOURCE
Original cataloging agency BD-RjUL
Language of cataloging ben
Transcribing agency BD-RjUL
041 ## - LANGUAGE CODE
Language code of text/sound track or separate title ben
082 ## - DEWEY DECIMAL CLASSIFICATION NUMBER
Classification number B 361.1
Author mark and year CHB 2002
100 ## - MAIN ENTRY--PERSONAL NAME
Personal name চট্রোপাধ্যায়, অমল
9 (RLIN) 143095
245 10 - TITLE STATEMENT
Title বিজ্ঞান, প্রযুক্তি ও পরিবেশ /
Statement of responsibility, etc. অমল চট্রোপাধ্যায়
260 ## - PUBLICATION, DISTRIBUTION, ETC. (IMPRINT)
Place of publication, distribution, etc. কলিকাতা :
Name of publisher, distributor, etc. অজন্তা পাবলিশার্স,
Date of publication, distribution, etc. ২০০২
300 ## - PHYSICAL DESCRIPTION
Pagination ১৩৬ পৃ. ;
Size ২১ সেমি.
650 ## - SUBJECT ADDED ENTRY--TOPICAL TERM
Topical term or geographic name as entry element সামাজিক সমস্যা
9 (RLIN) 143487
Topical term or geographic name as entry element Social Problem
9 (RLIN) 143488
942 ## - ADDED ENTRY ELEMENTS (KOHA)
Source of classification or shelving scheme Dewey Decimal Classification
Koha item type Books
Holdings
Lost status Source of classification or shelving scheme Damaged status Not for loan Collection code Permanent Location Current Location Shelving location Date acquired Source of acquisition Cost, normal purchase price Total Checkouts Full call number Date last seen Copy number Koha item type
  Dewey Decimal Classification     Non-fiction Central Library, University of Rajshahi Central Library, University of Rajshahi   04/03/2008 Paragon Enterprises Dhaka 70.00   B 361.1 CHB 2002 14/11/2016 C-2 Books
  Dewey Decimal Classification     Non-fiction Central Library, University of Rajshahi Central Library, University of Rajshahi   04/03/2008 Paragon Enterprises Dhaka 70.00   B 361.1 CHB 2002 17/11/2016 C-3 Books